[Event "It (open)"]
[Site "Utrecht (Netherlands)"]
[Round "2"]
[White "Van Heel Evert (NED)"]
[Black "Wemmers Xander (NED)"]
[Result "0-1"]
[WhiteElo "2011"]
[BlackElo "2270"]

1.Nf3 Nf6 2.c4 e6 3.g3 d5 4.Bg2 Be7 5.O-O O-O 6.d3 c5 7.a3 Nc6 8.Qc2 h6 9.Be3
d4 10.Bc1 e5 11.Nbd2 Bf5 12.Qa4 Re8 13.b4 cxb4 14.axb4 Nxb4 15.Nxe5 Bf8 16.Qb5
Bc8 17.Nb3 a6 18.Qa5 b6 19.Qa4 Rxe5 20.c5 Bxc5 21.Nxc5 bxc5 22.Bf4 Bd7 23.Qd1
Re8 24.Bxa8 Qxa8 25.f3 Nfd5 26.Bd2 Nc3 27.Bxc3 dxc3 28.e4 Bb5 29.Rc1 Qd8
30.Rxc3 Qd4+ {#R} 0-1

[Event "Ch Arabic Countries"]
[Site "Tunisia"]
[Round "8"]
[White "Othman A Moussa (UAE)"]
[Black "Hakki Imad (SYR)"]
[Result "0-1"]
[WhiteElo "2373"]
[BlackElo "2410"]

1.Nf3 Nf6 2.g3 d5 3.Bg2 e6 4.O-O Be7 5.c4 O-O 6.b3 a5 7.cxd5 exd5 8.a3 c6
9.Bb2 Bg4 10.d3 Nbd7 11.Nbd2 Re8 12.Re1 Qb6 13.Bd4 c5 14.Bc3 d4 15.Nc4 Qc7
16.Bd2 b5 17.Bf4 Qc8 18.Nce5 Nxe5 19.Nxe5 Bh3 20.Bxa8 Qxa8 21.e4 dxe3 22.Qf3
exf2+ 23.Kxf2 Qb8 24.Kg1 Be6 25.Qc6 Qd8 26.Qg2 Bd5 27.Nc6 Bxg2 28.Nxd8 Bd5
29.Bc7 Kf8 30.Rac1 {#R} 0-1

[Event "It (open)"]
[Site "Oberwart (Austria)"]
[Round "8"]
[White "Foldi Istvan (HUN)"]
[Black "Kreindl Helmut (AUT)"]
[Result "1-0"]
[WhiteElo "2332"]
[BlackElo "2195"]

1.Nf3 d5 2.c4 e6 3.g3 Nf6 4.Bg2 Be7 5.O-O dxc4 6.Qa4+ Nbd7 7.Qxc4 c5 8.Qc2 O-O
9.d4 cxd4 10.Nxd4 e5 11.Nf5 Nc5 12.Nc3 a6 13.Rd1 Bxf5 14.Qxf5 Qc7 15.Bg5 g6
16.Qf3 e4 17.Qf4 Qxf4 18.Bxf4 Rfe8 19.h3 Rac8 20.Be3 b5 21.Rac1 Na4 22.Nxa4
bxa4 23.Bd4 Kg7 24.Bxe4 a3 25.Rxc8 Rxc8 26.bxa3 Rc4 27.Bd5 Ra4 28.Bb3 Rxa3
29.Bb2 {#r} 1-0

[Event "It (open)"]
[Site "Barcelona (Spain)"]
[Round "7"]
[White "Fernandez Madrid Carlos (ESP)"]
[Black "Picanol Alemany Antonio (ESP)"]
[Result "0-1"]
[WhiteElo "2175"]
[BlackElo "2360"]

1.c4 e6 2.Nf3 d5 3.g3 Nf6 4.Bg2 Be7 5.O-O O-O 6.b3 b6 7.Bb2 Bb7 8.Qc2 c5
9.cxd5 exd5 10.d4 Nc6 11.dxc5 bxc5 12.Nc3 Nb4 13.Qc1 d4 14.Na4 Rc8 15.Rd1 Qa5
16.Qg5 h6 17.Qe5 Rfe8 18.Rxd4 Nc6 19.Qf5 cxd4 20.Nxd4 Qxf5 21.Nxf5 Nd8 22.Bh3
Ne6 23.Rd1 Be4 24.Bxf6 Bxf5 25.Bxf5 Bxf6 26.Rd7 a5 27.Nb6 Rc5 28.Bd3 Rc1+
29.Kg2 Nc5 {#R} 0-1

[Event "It (open)"]
[Site "Dubai (United Arab Emirates)"]
[Round "3"]
[White "Ermenkov Evgenij (PLE)"]
[Black "Alibaev Akbar (UZB)"]
[Result "0-1"]
[WhiteElo "2496"]
[BlackElo "2317"]

1.c4 e6 2.g3 d5 3.Bg2 Nf6 4.Nf3 Be7 5.O-O O-O 6.d3 c5 7.Nc3 Nc6 8.e4 dxc4
9.dxc4 e5 10.h3 Qc7 11.Re1 Nd4 12.b3 a6 13.Kh2 b5 14.cxb5 axb5 15.Nxd4 cxd4
16.Nxb5 Qa5 17.a4 Bb4 18.Ba3 Bxe1 19.Qxe1 Qxe1 20.Rxe1 Rd8 21.f4 d3 22.fxe5 d2
23.Rd1 Ng4+ 24.hxg4 Bxg4 25.Nc3 Rac8 26.Rxd2 Rxd2 27.Nd5 Rcc2 28.Ne3 Rxg2+
{#R} 0-1

[Event "It"]
[Site "Camberley (England)"]
[Round "5"]
[White "Bailey Kevin (ENG)"]
[Black "Bisby Daniel L (ENG)"]
[Result "0-1"]
[WhiteElo "2188"]
[BlackElo "2285"]

1.c4 e6 2.g3 d5 3.Bg2 Nf6 4.Nf3 Be7 5.O-O O-O 6.b3 d4 7.e3 c5 8.exd4 cxd4 9.d3
Nc6 10.Re1 Bd6 11.Na3 e5 12.Nc2 a5 13.a3 Bf5 14.Rb1 Bc7 15.b4 e4 16.Nh4 Bg4
17.f3 exf3 18.Bxf3 Be6 19.b5 Ne5 20.Bxb7 Bg4 21.Bf3 Nxf3+ 22.Nxf3 Qb8 23.Kg2
Nh5 24.Ncxd4 Bxg3 25.Qc2 Bxh2 26.Nxh2 Qg3+ 27.Kf1 Bh3+ 28.Ke2 Rfe8+ {#R} 0-1

[Event "It (cat.2) (b)"]
[Site "Gausdal (Norway)"]
[Round "4"]
[White "Leer-Salvesen Bjarte (NOR)"]
[Black "Hedman Erik (SWE)"]
[Result "0-1"]
[WhiteElo "2297"]
[BlackElo "2343"]

1.c4 Nf6 2.g3 e6 3.Bg2 d5 4.Nf3 Be7 5.O-O O-O 6.Qc2 c5 7.cxd5 Nxd5 8.Nc3 Nc6
9.Nxd5 exd5 10.b3 Bg4 11.Bb2 Rc8 12.d3 Re8 13.Rfe1 Bf8 14.Qd2 d4 15.e4 c4
16.bxc4 Bb4 17.Qc2 Bxf3 18.Bxf3 Bxe1 19.Rxe1 Qa5 20.Rb1 b5 21.Bg4 Rc7 22.Rc1
Ne5 23.Be2 bxc4 24.Bxd4 Nxd3 25.Bc3 Qc5 26.Bxd3 cxd3 27.Qxd3 Qa3 28.Rc2 Rec8
29.Rd2 Rxc3 {#R} 0-1

[Event "Tournament (Elo)"]
[Site "Torre Blanca (Argentina)"]
[Round "1"]
[White "Marginet Ricardo (ARG)"]
[Black "Koch Juan (ARG)"]
[Result "0-1"]
[WhiteElo "2132"]
[BlackElo "2160"]

1.c4 e6 2.Nf3 Nf6 3.g3 d5 4.Bg2 Be7 5.O-O O-O 6.b3 Nbd7 7.Bb2 c6 8.e3 b6 9.d4
Bb7 10.Nbd2 Rc8 11.Re1 c5 12.cxd5 Bxd5 13.e4 Bb7 14.e5 Nd5 15.Ne4 Ba6 16.dxc5
Nxc5 17.Nxc5 Bxc5 18.a3 h6 19.b4 Be7 20.Nd4 Qd7 21.Qg4 Bd3 22.Red1 Bh7 23.Bh3
Kh8 24.Nxe6 fxe6 25.Qxe6 Qxe6 26.Bxe6 Rc2 27.Rxd5 Rfxf2 28.Bd4 Rg2+ 29.Kf1
Bd3+ 30.Ke1 Rce2+ {#R} 0-1

[Event "It (open)"]
[Site "Cali (Colombia)"]
[Round "1"]
[White "Guerrero Ever (COL)"]
[Black "Mateus Martha (COL)"]
[Result "1-0"]
[WhiteElo "2194"]
[BlackElo "2192"]

1.Nf3 d5 2.g3 Nf6 3.Bg2 e6 4.O-O Be7 5.c4 Nbd7 6.b3 O-O 7.Bb2 b6 8.Nc3 Bb7
9.Qc2 c5 10.d3 d4 11.Na4 Qc7 12.b4 e5 13.bxc5 bxc5 14.Bc1 Rab8 15.Bd2 e4
16.Nh4 exd3 17.exd3 Bxg2 18.Kxg2 Qc6+ 19.f3 Ng4 20.Nf5 Bf6 21.Rac1 Nge5 22.Bf4
Rb7 23.Nb2 Rxb2 24.Qxb2 Nxd3 25.Qa3 Nxc1 26.Rxc1 Nb6 27.Qxa7 Nxc4 28.g4 Ra8
29.Qc7 {#r} 1-0

[Event "It (open)"]
[Site "St. Jean (Switzerland)"]
[Round "2"]
[White "Engi Tibor (HUN)"]
[Black "Guex Pascal (SUI)"]
[Result "0-1"]
[WhiteElo "2127"]
[BlackElo "2169"]

1.c4 e6 2.g3 d5 3.Bg2 Nf6 4.Nf3 Be7 5.O-O O-O 6.b3 c5 7.Bb2 Nc6 8.e3 b6 9.Qe2
Bb7 10.Rd1 dxc4 11.bxc4 Qc7 12.Nc3 Rac8 13.d4 cxd4 14.exd4 Na5 15.c5 bxc5
16.dxc5 Qxc5 17.Nb5 Nc4 18.Bxf6 Bxf6 19.Rab1 Bd5 20.Nbd4 Rb8 21.Nb3 Qa3
22.Nfd4 Nb6 23.Bxd5 Nxd5 24.Rbc1 Bxd4 25.Rxd4 Rxb3 {#R} 0-1

[Event "It (open)"]
[Site "Jyvaskyla (Finland)"]
[Round "4"]
[White "Kivipelto Kaj-Erik (FIN)"]
[Black "Karttunen Mika (FIN)"]
[Result "0-1"]
[WhiteElo "2225"]
[BlackElo "2395"]

1.Nf3 d5 2.g3 Nf6 3.Bg2 e6 4.O-O Be7 5.c4 O-O 6.Qc2 dxc4 7.Na3 c5 8.Nxc4 Nc6
9.b3 Bd7 10.Bb2 Nb4 11.Qb1 Bc6 12.a3 Nbd5 13.Nfe5 Be8 14.d3 Rc8 15.e4 Nc7
16.f4 Nb5 17.g4 Nd4 18.g5 Nd7 19.Qd1 Nxe5 20.Nxe5 f6 21.gxf6 Bxf6 22.Nc4 b5
23.e5 bxc4 24.exf6 cxb3 25.fxg7 Rf6 26.f5 exf5 27.Rf4 Bf7 28.Kf2 Rg6 29.Qd2
Qg5 {#R} 0-1

[Event "It (open)"]
[Site "Padrun (Spain)"]
[Round "4"]
[White "Sande Edreira Jose Antonio (ESP)"]
[Black "Mirzoev Azer (AZE)"]
[Result "0-1"]
[WhiteElo "2265"]
[BlackElo "2533"]

1.c4 e6 2.g3 d5 3.Bg2 Nf6 4.Nf3 Be7 5.O-O O-O 6.b3 c5 7.e3 b6 8.Bb2 Bb7 9.Nc3
dxc4 10.bxc4 Nc6 11.Qe2 Qc7 12.Rad1 Rad8 13.d3 Rfe8 14.Ne1 Nb4 15.Bxb7 Qxb7
16.f4 a5 17.a4 Nd7 18.g4 Qc6 19.e4 Nf8 20.Rf3 f5 21.e5 fxg4 22.Rf1 Ng6 23.Qxg4
Rf8 24.Ne4 Nxd3 25.Nxd3 Qxe4 26.Qxe6+ Kh8 27.Rde1 Qxd3 28.f5 Bg5 29.Kh1 Qh3
{#R} 0-1

[Event "Bundesliga (2nd) East 2001/02"]
[Site "Germany"]
[Round "9"]
[White "Seuffert Gabriel (GER)"]
[Black "Roth Norbert (GER)"]
[Result "0-1"]
[WhiteElo "2313"]
[BlackElo "2218"]

1.c4 Nf6 2.g3 e6 3.Bg2 d5 4.Nf3 Be7 5.O-O O-O 6.Qc2 d4 7.d3 Nc6 8.a3 a5 9.e4
dxe3 10.fxe3 e5 11.Nc3 Bf5 12.Ne1 Be6 13.Qa4 Ra6 14.Bd2 h5 15.h3 e4 16.Ne2 Ne5
17.Nf4 Nxd3 18.b3 Bd7 {#R} 0-1

[Event "It (cat.8)"]
[Site "Surabaya (Indonesia)"]
[Round "7"]
[White "Paciencia Enrique (SIN)"]
[Black "Juswanto Denny (INA)"]
[Result "1-0"]
[WhiteElo "2454"]
[BlackElo "2505"]

1.Nf3 Nf6 2.c4 e6 3.g3 d5 4.Bg2 Be7 5.O-O O-O 6.b3 a5 7.Bb2 a4 8.d3 Nc6 9.Nc3
a3 10.Bc1 d4 11.Nb5 e5 12.e3 Bg4 13.h3 Bh5 14.exd4 exd4 15.Re1 Bb4 16.Bd2 Nd7
17.Nbxd4 Bxd2 18.Nxc6 bxc6 19.Qxd2 Qf6 20.Qg5 Qxg5 21.Nxg5 Ra5 22.Nf3 Bxf3
23.Bxf3 Ne5 24.Be2 Rd8 25.Kg2 g5 26.b4 {#r} 1-0

[Event "It (open) "]
[Site "Schwabisch Gmund (Germany)"]
[Round "5"]
[White "Burgemeister Wolfgang (GER)"]
[Black "Braun Arik (GER)"]
[Result "0-1"]
[WhiteElo "2129"]
[BlackElo "2300"]

1.Nf3 d5 2.g3 e6 3.Bg2 Nf6 4.O-O Be7 5.c4 d4 6.e3 c5 7.exd4 cxd4 8.b4 O-O
9.Bb2 d3 10.Qb3 Nc6 11.a3 a5 12.b5 a4 13.Qd1 Na5 14.Qxa4 Ne4 15.c5 Nxc5 16.Qg4
e5 17.Qh5 Nc4 18.Bc3 f6 19.Ne1 g6 20.Qh4 Be6 21.f4 Nb3 22.Ra2 Nc1 {#R} 0-1

[Event "Oberliga NN 2001/02"]
[Site "Germany"]
[Round "8"]
[White "Kleeschaetzky Ralf (GER)"]
[Black "Steinhagen Bernd (GER)"]
[Result "0-1"]
[WhiteElo "2188"]
[BlackElo "2215"]

1.Nf3 Nf6 2.c4 e6 3.g3 d5 4.Bg2 Be7 5.O-O O-O 6.b3 b6 7.cxd5 exd5 8.Nc3 Bb7
9.d4 Ne4 10.Bb2 Nd7 11.Nxe4 dxe4 12.Nd2 f5 13.Nc4 Nf6 14.Rc1 Nd5 15.a3 Bf6
16.e3 a5 17.Re1 Qe7 18.f3 exf3 19.Bxf3 Bg5 20.e4 fxe4 21.Bxe4 Qf6 22.Rf1 Qh6
23.Qe2 Bxc1 24.Bxc1 Nc3 {#R} 0-1

[Event "It (open)"]
[Site "Greifswald (Germany)"]
[Date "2002.08.24"]
[Round "5"]
[White "Hess Christian (GER)"]
[Black "Onasch Paul (GER)"]
[Result "1-0"]
[WhiteElo "2261"]
[BlackElo "2028"]

1.c4 e6 2.g3 Nf6 3.Bg2 d5 4.Nf3 Be7 5.O-O c6 6.d4 dxc4 7.Ne5 O-O 8.Nc3 Nbd7
9.Nxc4 Nb6 10.Na5 Nbd5 11.Nb3 Bd7 12.Na4 b6 13.e4 Nc7 14.Nc3 Rc8 15.Be3 Na6
16.Qe2 Nb8 17.Rad1 h6 18.f4 Ne8 19.g4 f5 20.gxf5 exf5 21.e5 Be6 22.d5 cxd5
23.Nxd5 Nd7 24.Nd4 Kf7 25.Nxe6 Kxe6 26.Nc7+ Kf7 27.Ne6 {#r} 1-0

[Event "It (open)"]
[Site "Lausanne (Switzerland)"]
[Round "2"]
[White "Berset Philippe (SUI)"]
[Black "Rainfray Arnaud (FRA)"]
[Result "0-1"]
[WhiteElo "2181"]
[BlackElo "2398"]

1.c4 e6 2.g3 d5 3.Bg2 Nf6 4.Nf3 Be7 5.O-O O-O 6.Qc2 c5 7.cxd5 exd5 8.d4 Ne4
9.Rd1 Nc6 10.Be3 Bf5 11.Qa4 Qb6 12.Nc3 Rfd8 13.dxc5 Qxb2 14.Nb5 a6 15.Nc7 Nc3
{#R} 0-1

[Event "It (open)"]
[Site "Banyoles (Spain)"]
[Round "2"]
[White "Vogler Tilmann (GER)"]
[Black "Casas Mor Carles (ESP)"]
[Result "1-0"]
[WhiteElo "2318"]
[BlackElo "2075"]

1.Nf3 Nf6 2.g3 e6 3.Bg2 d5 4.O-O Be7 5.c4 O-O 6.Qc2 b6 7.cxd5 exd5 8.Nc3 c5
9.d4 Bb7 10.Rd1 Nbd7 11.Bf4 a6 12.Rac1 Rc8 13.h4 b5 14.dxc5 Bxc5 15.Qb1 Qb6
16.e3 Rfd8 17.Nd4 Nf8 18.Bh3 Ne6 19.Nce2 Bxd4 20.Nxd4 Rxc1 21.Qxc1 Nxd4
22.Rxd4 h6 23.Bc7 {#r} 1-0

[Event "Ch Spain (juniors) (under 20)"]
[Site "Mondariz (Spain)"]
[Round "5"]
[White "Ducros Salva Antonio (ESP)"]
[Black "Gutierrez Castillo Paloma (ESP)"]
[Result "1-0"]
[WhiteElo "2204"]
[BlackElo "2119"]

1.g3 d5 2.c4 e6 3.Bg2 Nf6 4.Nf3 Be7 5.O-O O-O 6.b3 c5 7.Bb2 b6 8.cxd5 Nxd5
9.Nc3 Nxc3 10.Bxc3 Bb7 11.Qc2 Bf6 12.Ng5 Bxg5 13.Bxb7 Nd7 14.Bxa8 Qxa8 15.Rfd1
f5 16.d4 f4 17.dxc5 fxg3 18.hxg3 Nxc5 19.Bb4 Rc8 20.Bxc5 Rxc5 21.Qd3 Rd5
22.Qf3 Rxd1+ 23.Rxd1 Qc8 24.Qe4 Bf6 25.Qc4 Qe8 26.Rd6 Kf7 27.Qc7+ {#r} 1-0

[Event "Ch Aragon (team)"]
[Site "Aragon (Spain)"]
[Round "5"]
[White "Minzer Claudio Javier (ARG)"]
[Black "Jario Garcia Ricardo (ESP)"]
[Result "1-0"]
[WhiteElo "2424"]
[BlackElo "2159"]

1.Nf3 e6 2.c4 d5 3.g3 Nf6 4.Bg2 Be7 5.O-O O-O 6.b3 dxc4 7.bxc4 c5 8.Nc3 Nc6
9.Rb1 Rb8 10.d3 e5 11.Bg5 Be6 12.Nd2 Qc8 13.Qa4 Bh3 14.Bxf6 Bxf6 15.Nd5 Bxg2
16.Kxg2 b6 17.e3 Bd8 18.f3 f5 19.a3 Rb7 20.Rbe1 Rbf7 21.Nb1 Qe6 22.Nbc3 h5
23.f4 Qd7 24.Qd1 g6 25.e4 Kg7 26.fxe5 Nxe5 27.Qe2 fxe4 28.Qxe4 Ng4 29.Nf4 Bg5
30.Qxg6+ {#r} 1-0

[Event "Memorial I.Cvetanovic (cat.8)"]
[Site "Split (Croatia)"]
[Round "9"]
[White "Horvath Csaba (HUN)"]
[Black "Plenkovic Zdenko (CRO)"]
[Result "1-0"]
[WhiteElo "2565"]
[BlackElo "2240"]

1.Nf3 d5 2.c4 e6 3.g3 Nf6 4.Bg2 Be7 5.O-O O-O 6.b3 c5 7.Bb2 Nc6 8.e3 dxc4
9.bxc4 Qb6 10.Qb3 Qc7 11.Nc3 a6 12.Qc2 Nb4 13.Qb1 Rd8 14.d4 cxd4 15.Nxd4 e5
16.Nf5 Bxf5 17.Qxf5 Nd3 18.Rab1 Qxc4 19.Ba1 Bb4 20.Na4 Nd7 21.Rfd1 Nf8 22.Bf1
Qxa2 23.Rxd3 Rxd3 24.Bxd3 Ng6 {#r} 1-0

[Event "Ch Russia (team)"]
[Site "Toljatti (Russia)"]
[Round "1"]
[White "Zvjaginsev Vadim (RUS)"]
[Black "Skatchkov Pavel (RUS)"]
[Result "1-0"]
[WhiteElo "2650"]
[BlackElo "2516"]

1.c4 e6 2.Nf3 Nf6 3.g3 d5 4.Bg2 Be7 5.O-O O-O 6.b3 c6 7.Bb2 b6 8.Nc3 Bb7 9.Qc2
Nbd7 10.e3 h6 11.Rad1 Rc8 12.d3 b5 13.e4 Nb6 14.Qb1 a6 15.Ne2 a5 16.exd5 exd5
17.cxb5 cxb5 18.Ned4 b4 19.Rde1 Bc5 20.Nh4 Nbd7 21.Bh3 Qb6 22.Ne6 d4 23.Nxf8
Rxf8 24.Qd1 Nd5 {#r} 1-0

[Event "Cup Independence (open)"]
[Site "Kiev (Ukraine)"]
[Round "7"]
[White "Sergeev Vladimir (UKR)"]
[Black "Marusenko Petr (UKR)"]
[Result "1-0"]
[WhiteElo "2431"]
[BlackElo "2320"]

1.Nf3 Nf6 2.c4 e6 3.g3 d5 4.Bg2 Be7 5.O-O d4 6.b4 O-O 7.a3 c5 8.Bb2 a5 9.d3
Re8 10.Nbd2 Bd6 11.bxc5 Bxc5 12.Nb3 Bb6 13.Bxd4 Bxd4 14.Nbxd4 e5 15.Nb5 Nc6
16.c5 Qe7 17.Nd6 Rd8 18.Ng5 Rf8 19.Nge4 Nxe4 20.Nxe4 a4 21.e3 Ra5 22.d4 f5
23.Nd6 e4 24.f3 exf3 25.Qxf3 Ra6 26.Rab1 g6 27.Kh1 Kg7 28.g4 f4 29.Nxc8 Rxc8
30.Qxf4 {#r} 1-0

[Event "Ch World (juniors) (under 16)"]
[Site "Halkidiki (Greece)"]
[Round "3"]
[White "Tomashevsky Evgeny (RUS)"]
[Black "Lanin Alexsej (RUS)"]
[Result "1-0"]
[WhiteElo "2523"]
[BlackElo "2363"]

1.Nf3 Nf6 2.c4 e6 3.g3 d5 4.Bg2 Be7 5.O-O O-O 6.b3 c5 7.Bb2 Nc6 8.e3 d4 9.b4
dxe3 10.fxe3 Nxb4 11.d4 Qc7 12.a3 Nc6 13.Qc2 Na5 14.Nbd2 h6 15.Qc3 b6 16.d5
Ne8 17.e4 f6 18.e5 fxe5 19.Nxe5 Bb7 20.Rxf8+ Bxf8 21.Rf1 exd5 22.cxd5 Nd6
23.Ng4 Nb5 24.Qd3 Nd4 25.Qg6 Kh8 26.Be4 {#r} 1-0

[Event "Ch Europe (team) (w)"]
[Site "Plovdiv (Bulgaria)"]
[Round "4"]
[White "Mira Helene (AUT)"]
[Black "Vasiliev Olga (ISR)"]
[Result "0-1"]
[WhiteElo "2158"]
[BlackElo "2167"]

1.Nf3 d5 2.c4 Nf6 3.g3 e6 4.Bg2 Be7 5.O-O O-O 6.b3 b6 7.Bb2 Bb7 8.d3 Nbd7
9.Nbd2 Re8 10.cxd5 Nxd5 11.d4 Rc8 12.e4 Nb4 13.Ne1 c5 14.a3 Na6 15.Nc4 Nf6
16.e5 Nd5 17.dxc5 Nxc5 18.Nd3 Ba6 19.Nxc5 Rxc5 20.Qg4 f5 21.exf6 Bxf6 22.Rad1
Bxb2 23.Nxb2 Bxf1 24.Bxf1 Qf6 25.Nc4 Rf8 26.f4 b5 27.Ne5 Ne3 28.Qe2 Nxd1
29.Qxd1 Rxe5 {#R} 0-1

[Event "Ch Belgium (team) 2003/04"]
[Site "Belgium"]
[Round "4"]
[White "Aglave Arnaud (BEL)"]
[Black "Baert Andy (BEL)"]
[Result "1-0"]
[WhiteElo "2142"]
[BlackElo "2164"]

1.c4 e6 2.Nf3 d5 3.g3 Nf6 4.Bg2 Be7 5.O-O O-O 6.b3 b6 7.Bb2 Bb7 8.Ne5 Nbd7
9.d4 c5 10.e3 Rc8 11.Nc3 cxd4 12.exd4 Nb8 13.Re1 Na6 14.Nb5 Ra8 15.Rc1 Bd6
16.Nxd6 Qxd6 17.c5 bxc5 18.dxc5 Nxc5 19.Ba3 Rfc8 20.Qc2 Nd3 21.Bxd6 {#r} 1-0

[Event "It (open)"]
[Site "Copenhagen (Denmark)"]
[Date "2004.02.08"]
[Round "2"]
[White "Andersen Daniel (DEN)"]
[Black "Royset Paal (NOR)"]
[Result "0-1"]
[WhiteElo "2031"]
[BlackElo "2225"]

1.c4 Nf6 2.g3 e6 3.Bg2 d5 4.Nf3 Be7 5.O-O O-O 6.Qc2 d4 7.d3 Nc6 8.e3 dxe3
9.Bxe3 Nb4 10.Qb3 Qxd3 11.Nc3 Qc2 12.Nb5 Bd7 13.Nxc7 Rac8 14.Nb5 Rxc4 15.Nbd4
Qxb3 16.axb3 Rc5 17.Rxa7 e5 18.Ne2 Rc2 19.Nc3 Nfd5 20.Bc1 Bc5 21.Ra1 Nxc3
22.bxc3 Nd3 23.Be3 Bxe3 24.fxe3 Rxc3 25.Rfd1 Bc6 26.Ne1 Nxe1 27.Bxc6 Nc2 {#R}
0-1

[Event "Ch Norway (open)"]
[Site "Oslo (Norway)"]
[Date "2004.04.07"]
[Round "5"]
[White "Hansen Torbjorn Ringdal (NOR)"]
[Black "Svensen Tarjei (NOR)"]
[Result "1-0"]
[WhiteElo "2328"]
[BlackElo "2109"]

1.c4 e6 2.Nf3 d5 3.g3 Nf6 4.Bg2 Be7 5.O-O O-O 6.b3 b6 7.Bb2 Bb7 8.Ne5 Nbd7
9.d4 c6 10.Nd2 Qc7 11.Qc2 Rac8 12.Rac1 Qb8 13.Nxd7 Nxd7 14.e4 dxe4 15.Nxe4 f5
16.Nd2 e5 17.Rfe1 Bd6 18.c5 bxc5 19.dxe5 Nxe5 20.Qc3 Qc7 21.Rxe5 Bxe5 22.Qxe5
Qxe5 23.Bxe5 Rfe8 24.f4 Rcd8 25.Nc4 {#r} 1-0

[Event "Cup Slovenia"]
[Site "Slovenia"]
[Date "2004.04.18"]
[Round "1"]
[White "Halik Tomo"]
[Black "Frangez Simon (SLO)"]
[Result "1-0"]
[WhiteElo "2147"]
[BlackElo "2195"]

1.Nf3 Nf6 2.c4 e6 3.g3 d5 4.Bg2 Be7 5.O-O O-O 6.b3 c6 7.Bb2 b5 8.d3 Nbd7
9.Nbd2 bxc4 10.bxc4 Rb8 11.Qc2 Ba6 12.Rab1 Nb6 13.Ne5 Rc8 14.Rfc1 Nfd7 15.Nxd7
Qxd7 16.c5 Na8 17.Nf3 f6 18.Bh3 Bb5 19.Nd4 Nc7 20.e4 Rfe8 21.a4 Ba6 22.exd5
cxd5 23.Ba3 Bf8 24.c6 Qf7 25.Bxf8 Qxf8 26.Nb5 Bxb5 27.axb5 Na8 28.Re1 Qd6
29.Ra1 Re7 30.Rxa7 {#r} 1-0

[Event "It (open) "]
[Site "Bratislava (Slovakia)"]
[Date "2004.05.03"]
[Round "4"]
[White "Vlcek Stanislav (SVK)"]
[Black "Fabry Robert (SVK)"]
[Result "0-1"]
[WhiteElo "2319"]
[BlackElo "2189"]

1.Nf3 Nf6 2.c4 e6 3.g3 d5 4.Bg2 Be7 5.O-O O-O 6.b3 Nc6 7.Bb2 d4 8.e3 e5 9.d3
dxe3 10.fxe3 Ng4 11.Qe2 Bc5 12.Bc1 Bf5 13.Ne1 Nd4 14.Qd1 Qg5 15.exd4 Bxd4+
16.Kh1 Qh5 17.Nf3 Bxa1 18.Nh4 Nf2+ {#R} 0-1

[Event "Ch Belgium"]
[Site "Westerlo (Belgium)"]
[Round "4"]
[White "Cekro Ekrem (BEL)"]
[Black "Sadkowsky Daniel (BEL)"]
[Result "1-0"]
[WhiteElo "2433"]
[BlackElo "2332"]

1.c4 e6 2.Nf3 d5 3.g3 Nf6 4.Bg2 Be7 5.O-O O-O 6.b3 b6 7.Bb2 Bb7 8.e3 Nbd7
9.Qe2 a5 10.d3 a4 11.Nbd2 dxc4 12.bxc4 a3 13.Bd4 Bd6 14.Bc3 Nc5 15.Rab1 Re8
16.d4 Nce4 17.Ba1 Ra4 18.Nb3 Qa8 19.Rfd1 Qa6 20.Rbc1 Nd7 21.Qc2 Qa8 22.Qe2 f5
23.Ne1 e5 24.c5 bxc5 25.Bxe4 exd4 26.Bxb7 Qxb7 27.Qd2 {#r} 1-0

[Event "Ch ASEAN (juniors) (under 18)"]
[Site "Vietnam"]
[Round "2"]
[White "Vo Thanh Ninh (VIE)"]
[Black "Aw Wai Onn (MAS)"]
[Result "1-0"]
[WhiteElo "2348"]
[BlackElo "2009"]

1.c4 Nf6 2.g3 e6 3.Bg2 d5 4.Nf3 Be7 5.O-O O-O 6.Qc2 Bd7 7.d4 Bc6 8.Ne5 Nbd7
9.cxd5 Nxe5 10.dxc6 Nxc6 11.Bxc6 bxc6 12.Be3 Rb8 13.b3 Nd5 14.Qxc6 Rb6 15.Qc2
Nb4 16.Qd2 Bf6 17.Na3 Nd5 18.Nc4 Rb8 19.Rad1 Qe7 20.Qc1 Nxe3 21.Qxe3 Rfd8
22.Rd3 Rd5 23.Rfd1 h5 24.Qe4 h4 25.g4 Bg5 26.f4 Bh6 27.g5 {#r} 1-0

[Event "Ch Croatia (team) (1st league)"]
[Site "Rabac (Croatia)"]
[Date "2004.09.10"]
[Round "6"]
[White "Kurajica Bojan (CRO)"]
[Black "Horvath Peter_ (HUN)"]
[Result "1-0"]
[WhiteElo "2541"]
[BlackElo "2477"]

{ Kurajica Bojan (BiH) +1 =7 -0 } 1.c4 { 1 } 1...e6 2.Nf3 d5 3.g3 Nf6 4.Bg2
Be7 5.O-O O-O { ?/= } 6.Ne5 ( 6.Qc2 Nbd7 7.b3 b6 8.cxd5 Nxd5 9.Nc3 Bb7 10.Nxd5
Bxd5 11.e4 Bb7 12.d4 c5 13.Rd1 cxd4 14.Nxd4 Rc8 15.Qe2 a6 16.Be3 Ba3 17.Nc2
Bc5 18.Bf4 Qe8 19.Bd6 Bxd6 20.Rxd6 b5 21.Rad1 Nb8 22.Ne3 Qe7 23.Qd2 Qc7 24.h4
Qc3 25.Rb6 Ba8 { ...1/2-1/2, Kurajica Bojan 2550 - Raspor Gregor 2154 ,
Ljubljana 2002 It (open) } ) ( 6.d4 dxc4 7.Qc2 a6 8.Qxc4 b5 9.Qc2 Bb7 10.Bd2
Be4 11.Qc1 Bb7 12.Bf4 Bd6 13.Nbd2 Nbd7 14.Nb3 Bd5 15.Rd1 Qe7 16.Ne5 Bxg2
17.Kxg2 Nd5 18.Nc6 Nxf4+ 19.Qxf4 Qe8 20.Qf3 e5 21.dxe5 Nxe5 22.Nxe5 Qxe5
23.Rd2 Rae8 24.e3 Re6 25.Rad1 Rf6 { ...1/2-1/2, Kasparov Garry 2849 - Kramnik
Vladimir 2770 , London 2000 Ch World (match) "Braingames" } ) ( 6.b3 c5 7.Bb2
Nc6 8.e3 b6 9.Nc3 Bb7 10.cxd5 Nxd5 11.Nxd5 Qxd5 12.d4 Rad8 13.Ne5 Qd6 14.dxc5
Qxc5 15.Qe2 Nxe5 16.Bxb7 Qc7 17.Bg2 Bc5 18.Rfd1 a5 19.Rxd8 Rxd8 20.Rd1 Rxd1+
21.Qxd1 Qd7 22.Qxd7 Nxd7 23.Bc6 Nf6 24.Kg2 Kf8 25.Kf3 Ke7 { ...1/2-1/2,
Kasparov Garry 2849 - Gypser Andreas Dr 2209 , Frankfurt 2000 Simultan } )
6...c5 { N } ( 6...Nbd7 7.d4 c5 8.Nxd7 Qxd7 9.cxd5 Nxd5 10.e4 Nf6 11.d5 Rd8
12.Nc3 exd5 13.exd5 Bd6 14.Bg5 Qf5 15.Ne4 Be5 16.Bxf6 Bxf6 17.Nxc5 b6 18.Ne4
Bxb2 19.Rb1 Be5 20.f4 Bd6 21.Re1 Bb7 22.Nxd6 Rxd6 23.Rb3 Rad8 24.Rbe3 Qc8
25.Qe2 g6 26.Re7 { ...1/2-1/2, Aijala Jouko 2155 - Haara Pentti, Helsinki 1994
It (open) } ) 7.cxd5 exd5 { } 8.b3 Be6 9.Bb2 Qc8 10.d4 cxd4 11.Nd2 Nc6 12.Ndf3
Bh3 13.Rc1 Bxg2 14.Kxg2 Qe8 { ?! } ( 14...Ng4 { !? } 15.Nxc6 bxc6 16.Qd3 Bf6 {
} ) 15.Nxc6 bxc6 16.Nxd4 Rc8 17.Qc2 c5 18.Nf5 Qd7 19.Rfd1 Bd8 { ? } ( { ? }
19...Rfd8 20.Qd3 g6 21.Nxe7+ Qxe7 { } ) 20.e4 Qe6 21.exd5 Nxd5 22.Bxg7 Re8
23.Bb2 Qc6 { ?! } ( 23...Bg5 { !? } 24.Rb1 Rcd8 25.Re1 Qg6 { } ) 24.Kg1 Ba5
25.Qc4 { } {#r} 1-0

[Event "It (open)"]
[Site "Grangemouth (Scotland)"]
[Date "2004.09.11"]
[Round "2"]
[White "Grant Alan (SCO)"]
[Black "McKay Roderick M (SCO)"]
[Result "0-1"]
[WhiteElo "2206"]
[BlackElo "2371"]

1.c4 e6 2.g3 d5 3.Bg2 Nf6 4.Nf3 Be7 5.O-O O-O 6.d3 c5 7.Nc3 Nc6 8.e4 d4 9.Ne2
e5 10.h3 a6 11.Ne1 b5 12.b3 Rb8 13.f4 Nd7 14.Nf3 f6 15.f5 bxc4 16.bxc4 Qa5
17.Bd2 Qa3 18.Bc1 Qb4 19.g4 Nb6 20.g5 fxg5 21.Nxg5 Qa4 22.Qd2 Nb4 23.Nf3 Nc2
24.Rb1 Nxc4 25.dxc4 Rxb1 26.Nxe5 Ne3 27.Nc3 Nxf1 28.Qd3 dxc3 29.Qxb1 Nd2 {#R}
0-1